000 00672nam a2200265Ia 4500
005 20260324153110.0
008 008 260324s9999 xx 000 0 eng d
020 _a9780081000663
037 _aEBOOK
040 _aCRL
040 _beng
040 _cCRL
041 _2eng
041 _aeng
084 _qCRL
100 _aLee, Gang Ho
_91230584
245 0 _aUltrasmall lanthanide oxide nanoparticles for biomedical imaging and therapy
260 _bElsevier
260 _c2014
650 _aMaterials Science
856 _uhttps://www.sciencedirect.com/science/book/9780081000663
942 _cEBOOK
999 _c1841774
_d1841774